[Event "Lohmar op"]
[Site "Lohmar"]
[Date "2000.03.10"]
[Round "6"]
[White "Trube, Dieter"]
[Black "Tischer, Albert"]
[Result "1-0"]
[WhiteElo "1783"]
[BlackElo "1511"]
[PlyCount "63"]
[EventDate "2000.01.28"]
[EventType "swiss"]
[EventRounds "9"]
[EventCountry "GER"]
[SourceTitle "EXT 2006"]
[Source "ChessBase"]
[SourceDate "2005.11.24"]
[SourceVersion "1"]
[SourceVersionDate "2005.11.24"]
[SourceQuality "1"]

1. e4 e5 2. Nf3 Qf6 3. Nc3 c6 4. d4 exd4 5. e5 Qe6 6. Qxd4 d5 7. Be2 Qg4 8. Bf4 Ne7 9. 0-0-0 Ng6 10. g3 b6 11. h3 Qd7 12. Ng5 Bc5 13. Qd2 Nxf4 14. gxf4 Bb4 15. a3 Bxc3 16. Qxc3 Qf5 17. Qd2 h6 18. Bg4 Qg6 19. Bxc8 Nd7 20. Bxd7+ Kxd7 21. Nf3 Qe4 22. Nd4 c5 23. Nb5 Kc6 24. Rhe1 Qc4 25. b3 Qxb5 26. Qxd5+ Kc7 27. Qxf7+ Kb8 28. Rd7 Qa6 29. Kb2 Qc8 30. Red1 g5 31. Qd5 a5 32. Qd6+ 1-0